लोड हो रहा है...

Navier-Stokes equations : Theory and numerical analysis /

ग्रंथसूची विवरण
मुख्य लेखक: Temam, Roger
भाषा:Undetermined
प्रकाशित: North Holland&Co , 1977.
श्रृंखला:Studies in mathematics and its applications
विषय:
LEADER 00568nam a2200169Ia 4500
001 16188
008 170722s9999 xx 000 0 und d
100 |a Temam, Roger 
245 |a Navier-Stokes equations :  |b Theory and numerical analysis / 
260 |b North Holland&Co ,  |c 1977. 
300 |a x+500  |c 22.3cms 
490 |a Studies in mathematics and its applications 
653 |a Descriptive Geometry 
653 |a Mathematics 
942 |c GEN 
999 |c 93329  |d 93329 
952 |0 0  |1 0  |4 0  |6 B_65_L7_CR  |7 0  |9 130897  |a LIB  |b LIB  |d 2013-03-25  |o B6:5 L7 (CR)  |p 170706  |r 2017-08-12  |w 2017-08-12  |y GEN